Continental Championship Winning Cities - Statistics

General Stats
  • This quiz has been taken 25 times
  • The average score is 54 of 104
Answer Stats
Confederation Clubs City % Correct
UEFA Chelsea London
96%
CONCACAF ___ ______ Galaxy Los Angeles
96%
UEFA Real ______ Madrid
96%
UEFA __________ City, __________ United Manchester
96%
UEFA Ajax Amsterdam
91%
CONMEBOL Boca Juniors, Independiente, River Plate... Buenos Aires
91%
UEFA AC _____, Inter _____ Milan
91%
UEFA Bayern ______ Munich
91%
CONMEBOL Botafogo, Flamengo, Fluminense... Rio de Janeiro
91%
CONMEBOL Colo-Colo Santiago
91%
CONMEBOL Corinthians, Palmeiras, ___ _____ FC São Paulo
91%
CAF Al Ahly, Zamalek Cairo
87%
UEFA Benfica Lisbon
87%
CONCACAF Club América, Cruz Azul, Pumas UNAM... Mexico City
87%
CONMEBOL Nacional, Peñarol Montevideo
87%
OFC ______ FC Sydney
87%
AFC JEF United Chiba, _____ Verdy, Urawa Red Diamonds Tokyo
87%
UEFA FC _________ Barcelona
83%
UEFA Red Star ________ Belgrade
83%
UEFA Steaua _________ Bucharest
83%
UEFA Borussia ________ Dortmund
83%
UEFA Celtic Glasgow
83%
UEFA _______er SV Hamburg
83%
UEFA Olympique de _________ Marseille
83%
UEFA Juventus Turin
83%
UEFA Aston Villa Birmingham
78%
UEFA PSV _________ Eindhoven
78%
UEFA _________ FC Liverpool
78%
UEFA FC _____ Porto
78%
UEFA Feyenoord Rotterdam
78%
OFC Team __________ Wellington
78%
OFC ________ City, Waitakere United Auckland
74%
CONCACAF Chivas de ___________, Leones Negros UdeG Guadalajara
74%
CAF Orlando Pirates Johannesburg
74%
OFC South _________ Melbourne
74%
AFC Gamba _____ Osaka
74%
CAF Raja CA, Wydad AC Casablanca
70%
UEFA __________ Forest Nottingham
70%
AFC Hapoel ___ ____, Maccabi ___ ____ Tel Aviv
70%
CAF MC Alger Algiers
65%
CONMEBOL Olimpia Asunción
65%
CONMEBOL LDU _____ Quito
65%
AFC Al-Hilal Riyadh
65%
CAF Club Africain, ES _____ Tunis
65%
CONMEBOL Atlético Mineiro, Cruzeiro Belo Horizonte
61%
CONCACAF _______ Sounders Seattle
61%
AFC Al Sadd Doha
57%
AFC Al-Ahli, Al-Ittihad Jeddah
57%
CAF AS FAR Rabat
57%
AFC Thai Farmers Bank Bangkok
52%
CONCACAF _________ Rayados, Tigres UANL Monterrey
52%
CONCACAF Saprissa San José
52%
AFC Esteghlal, PAS ______ Tehran
52%
CAF Hearts of Oak Accra
48%
OFC ________ City, Western ______ Wanderers Adelaide
48%
AFC _____ IPark Busan
48%
CAF Vita Club Kinshasa
48%
CONMEBOL Atlético Nacional Medellín
48%
CONMEBOL Grêmio, Internacional Porto Alegre
48%
CONCACAF Alianza San Salvador
48%
CONCACAF Olimpia Tegucigalpa
48%
CAF ASEC Mimosas, State d'_______ Abidjan
43%
CONMEBOL Estudiantes La Plata
43%
CAF Mamelodi Sundowns Pretoria
43%
CONCACAF Racing Club Haïtien, Violette Port-au-Prince
39%
CONCACAF __ United Washington, D.C.
39%
CAF Canon _______ Yaoundé
39%
AFC _______ Antlers Kashima
35%
CONCACAF Club ____ León
35%
AFC _____ HD Ulsan
35%
CAF Oryx ______, Union ______ Douala
30%
CONMEBOL ______ FC Santos
30%
CONCACAF Club Deportivo ______ Toluca
30%
CAF Hafia Conakry
26%
AFC _________ FC Guangzhou
26%
CONCACAF Comunicaciones, Municipal Guatemala City
26%
AFC ______ Steelers Pohang
26%
OFC Hekari United Port Moresby
26%
CONCACAF Club ______ Puebla
26%
CONCACAF Necaxa Aguascalientes
22%
CAF TP Mazembe Lubumbashi
22%
CONCACAF CF _______ Pachuca
22%
CONCACAF Alajuelense Alajuela
17%
CAF CARA ___________ Brazzaville
17%
AFC Júbilo _____ Iwata
17%
CONCACAF Transvaal Paramaribo
17%
AFC Liaoning Shenyang
17%
CONCACAF Cartaginés Cartago
13%
CAF Ismaily Ismailia
13%
AFC Jeonbuk Hyundai Motors Jeonju
13%
CONMEBOL Once Caldas Manizales
13%
CONCACAF Águila San Miguel
13%
AFC ________ FC Seongnam
13%
AFC _____ Samsung Bluewings Suwon
13%
OFC __________ Wolves Wollongong
13%
CAF Enyimba Aba
9%
AFC __ ___ FC Al Ain
9%
CONCACAF Defence Force Chaguaramas
9%
OFC _________ Sport Hienghène
9%
CAF Asante Kotoko Kumasi
9%
CAF ES _____ Sétif
9%
CAF ES Sahel Sousse
9%
CONCACAF FAS Santa Ana
4%
CAF JS Kabylie Tizi Ouzou
0%
No matching quizzes found
Score Distribution
Percent of People with Each Score
Percentile by Number Answered
Your Score History
You have not taken this quiz